| 000 | 00484nam a22001937a 4500 | ||
|---|---|---|---|
| 003 | NUST-PNEC | ||
| 005 | 20170116180949.0 | ||
| 008 | 140503b xxu||||| |||| 00| 0 eng d | ||
| 020 | _a- | ||
| 040 | _cLIBRARY | ||
| 082 | _a621.381 MIL | ||
| 100 |
_978 _aMillman, Jacob |
||
| 245 |
_aElectronics _cJacob Millman |
||
| 250 | _a2nd ed. | ||
| 260 |
_aNew York _bMcGraw-Hill Education _cc.1951 |
||
| 300 | _a911 p.: | ||
| 650 |
_xEL _99046 _aElectronics engineering |
||
| 942 |
_2ddc _cBK |
||
| 999 |
_c66358 _d66358 |
||